| 000 | 00931nas a2200301Ia 4500 | ||
|---|---|---|---|
| 001 | 23 | ||
| 003 | CO-MdFUSB | ||
| 005 | 20170302161023.0 | ||
| 008 | 151030s9999 xxu 000 0 e d | ||
| 022 | _a0360-8808 | ||
| 037 | _bEvangelical Theological Society | ||
| 040 |
_aCO-MdFUSB _bspa _cCO-MdFUSB _dCO-MdFUSB _erda |
||
| 041 | 0 |
_aeng _hspa |
|
| 245 | 1 | 0 |
_aJournal of the Evangelical Theological Society _cEvangelica Theological Society |
| 260 | _aChicago | ||
| 264 |
_aChicago, Illions, Estados Unidos _bThe Evangelical Theological Society |
||
| 300 |
_aVolumen 24 - 41 _c23 cm. |
||
| 310 |
_aNo aplica _b1981 |
||
| 336 |
_2rdacontent _a1 _ba1 |
||
| 337 |
_2rdamedia _a2 _b5 |
||
| 338 | _a2 | ||
| 362 | _a1981 - 1998 | ||
| 546 | _aTexto en inglés | ||
| 650 | _vPublicaciones seriadas | ||
| 773 | _dChicago, Illions Estados unidos : Evangelival Theological Society 1981 | ||
| 810 | _hRevista | ||
| 942 |
_cCR _2ddc _a3 |
||
| 999 |
_c49393 _d49393 |
||